| 000 | 01114nam a2200301 i 4500 | ||
|---|---|---|---|
| 001 | 000002470 | ||
| 003 | DO-SdBNP | ||
| 005 | 20250716141326.0 | ||
| 007 | ta | ||
| 008 | 090702s1983 dr r 000 0 spa d | ||
| 040 |
_aDO-SdBNP _bspa _cBNPHU _erda |
||
| 041 | _aspa | ||
| 082 | 4 |
_a121 _bS718s _222 |
|
| 100 | 1 |
_aSoto, Nolberto Luis, _eautor _4aut. _97789 |
|
| 245 | 1 | 0 |
_aSiete ensayos epistemológicos / _bNolberto Luis Soto ; prólogo, Yoryi Valdez. |
| 264 | 1 |
_aSanto Domingo : _bBiblioteca Nacional Pedro Henríquez Ureña, _c1983. |
|
| 300 |
_a170 páginas ; _b20cm. |
||
| 336 |
_atexto _btxt _2rdacontent |
||
| 337 |
_asin mediación _bn _2rdamedia |
||
| 338 |
_avolumen _bnc _2rdacarrier |
||
| 500 | _aIncluye datos biográficos del autor en la contracubierta | ||
| 500 | _aIncluye referencias bibliográficas y notas al pie de las páginas | ||
| 504 | _aBibliografía : páginas 167 | ||
| 650 | 4 |
_aTeoria del conocimiento _xEnsayos, conferencias, etc. _91727 |
|
| 700 | 1 |
_aValdez, Yoryi, _eprologuista _4pr. _97790 |
|
| 710 | 2 |
_aBiblioteca Nacional de la República Dominicana. _981291 |
|
| 942 |
_2ddc _cLBS1 |
||
| 999 |
_c2306 _d2306 |
||